000 01118nam a2200253 a 4500
001 52688
003 BD-RjUL
005 20211209075838.0
008 160925s1987 bg a|||| |||| 00| 0 ben d
020 _c: Tk. 50.00
035 _a(BD-RjUL)52808
040 _aBD-RjUL
_bben
_cBD-RjUL
041 _aben
082 _223
_a657.2
_bMAS 1987
100 _aমাননান, এম. এ.
_9157573
245 1 0 _aসচিববিদ্যার রূপরেখা :
_b[ প্রতিবেদন প্রণয়ন ও বানিজ্যিক পত্রালাপসহ ] /
_cএম. এ. মাননান
260 _aঢাকা :
_bরয়েল লাইব্রেরী,
_c১৯৮৭
300 _aviii, ৩৯২ পৃ. :
_bচিত্র ;
_c২৪ সেমি.
490 _aরয়েল ইউনিভার্সিটি সিরিজ
650 _aসাচিবিক হিসাববিজ্ঞান
_9157574
650 _asecretarial accounting
_9157575
830 _aরয়েল ইউনিভার্সিটি সিরিজ
_9157576
942 _2ddc
_cBK
999 _c52688
_d52688